000 00908cam a22002537a 4500
001 2695
005 20240111152143.0
020 _a9781407109879
040 _aMNW
_cMNW
_dDLC
_beng
050 0 0 _aG590.G36
_b 2002
082 0 0 _a919.8
100 1 _aGaneri, Anita
_d1961-
245 1 0 _aPerishing poles /
_cAnita Ganeri ; illustrated by Mike Phillips.
250 _aThis edition published by Scholastic Ltd, 2009
260 _aNew York :
_bScholastic,
_c2002
300 _a128 pages :
_billustrations ;
_c21 cm .
490 _aHorrible Geography
505 _aT
520 _aWave goodbye to boring geography lessons as you venture into the chilly world of Perishing Poles, with huge icebergs, hungry polar bears and frostbite to challenge intrepid explorers
521 _a800
_bLexile
521 _aT
_bRaz-Plus
906 _a7
_bcbc
_ccopycat
_d2
_encip
_f20
_gy-gencatlg
942 _2ddc
_cBK
_n0
999 _c2695
_d2695